| 000 -LEADER |
| fixed length control field |
01040pab a2200169 454500 |
| 008 - FIXED-LENGTH DATA ELEMENTS--GENERAL INFORMATION |
| fixed length control field |
180718b2003 xxu||||| |||| 00| 0 eng d |
| 100 ## - MAIN ENTRY--PERSONAL NAME |
| Personal name |
Sukhramani, Neelam |
| 245 ## - TITLE STATEMENT |
| Title |
Practicing group work: a processual account |
| 260 ## - PUBLICATION, DISTRIBUTION, ETC. |
| Date of publication, distribution, etc. |
2003 |
| 300 ## - PHYSICAL DESCRIPTION |
| Extent |
p.1-32. |
| 362 ## - DATES OF PUBLICATION AND/OR SEQUENTIAL DESIGNATION |
| Dates of publication and/or sequential designation |
Jan |
| 520 ## - SUMMARY, ETC. |
| Summary, etc. |
Group work has been a vastly practiced, but minimally documented method in the Indian context. The present article is an attempt to narrate, as well as use a theoretical framework to analyse the experiences of working with a group in an integrated school. Efforts have been made to detail out each phase by delving into the nature of activities undertaken, the involvement that it elicited from the members, the group dynamics and the role played by the group worker. The underlying aim of this record is to be able to provide a practitioner or a would-be practitioner a threadbare account of group work processes. - Reproduced. |
| 650 ## - SUBJECT ADDED ENTRY--TOPICAL TERM |
| Topical term or geographic name entry element |
Groups |
| 700 ## - ADDED ENTRY--PERSONAL NAME |
| Personal name |
Baig, Mohammad Imran |
| 773 ## - HOST ITEM ENTRY |
| Main entry heading |
Indian Journal of Social Work |
| 909 ## - |
| -- |
60299 |